|
|
|
|
| LEADER |
00000naa2a2200000 4500 |
| 001 |
635827 |
| 005 |
20240111132053.0 |
| 035 |
|
|
|a (RuTPU)RU\TPU\conf\37684
|
| 035 |
|
|
|a RU\TPU\conf\37679
|
| 090 |
|
|
|a 635827
|
| 100 |
|
|
|a 20230619d2023 k y0rusy50 ca
|
| 101 |
0 |
|
|a rus
|
| 102 |
|
|
|a RU
|
| 105 |
|
|
|a y z 101zy
|
| 135 |
|
|
|a drgn ---uucaa
|
| 181 |
|
0 |
|a i
|
| 182 |
|
0 |
|a b
|
| 200 |
1 |
|
|a Разработка водорастворимой формы иодантипирина
|f К. Д. Жук, В. Ю. Куксёнок
|g науч. рук. В. Ю. Куксёнок
|
| 203 |
|
|
|a Текст
|c электронный
|
| 225 |
1 |
|
|a Химия и химическая технология органических веществ и материалов
|
| 300 |
|
|
|a Заглавие с титульного экрана
|
| 320 |
|
|
|a [Библиогр.: с. 251 (3 назв.)]
|
| 461 |
|
1 |
|0 (RuTPU)RU\TPU\conf\37590
|t Химия и химическая технология в XXI веке
|o материалы XXIV Международной научно-практической конференции студентов и молодых ученых имени выдающихся химиков Л. П. Кулёва и Н. М. Кижнера, посвященной 85-летию со дня рождения профессора А. В. Кравцова, Томск, 15-19 мая 2023 г.
|o в 2 т.
|f Национальный исследовательский Томский политехнический университет (ТПУ) ; Инженерная школа природных ресурсов ; Инженерная школа новых производственных технологий ; Исследовательская школа химических и биомедицинских технологий ; Инженерная школа ядерных технологий
|d 2023
|
| 463 |
|
1 |
|0 (RuTPU)RU\TPU\conf\37591
|t Т. 1
|v [С. 250-251]
|d 2023
|
| 610 |
1 |
|
|a труды учёных ТПУ
|
| 610 |
1 |
|
|a электронный ресурс
|
| 610 |
1 |
|
|a иодантипирин
|
| 610 |
1 |
|
|a антипирин
|
| 610 |
1 |
|
|a противовоспалительные препараты
|
| 610 |
1 |
|
|a биодоступность
|
| 610 |
1 |
|
|a водные растворы
|
| 610 |
1 |
|
|a водорастворимость
|
| 610 |
1 |
|
|a лекарственные средства
|
| 700 |
|
1 |
|a Жук
|b К. Д.
|
| 701 |
|
1 |
|a Куксёнок
|b В. Ю.
|c химик
|c старший преподаватель Томского политехнического университета, кандидат химических наук
|f 1989-
|g Вера Юрьевна
|3 (RuTPU)RU\TPU\pers\30848
|9 15094
|
| 702 |
|
1 |
|a Куксёнок
|b В. Ю.
|c химик
|c старший преподаватель Томского политехнического университета, кандидат химических наук
|f 1989-
|g Вера Юрьевна
|4 727
|
| 712 |
0 |
2 |
|a Национальный исследовательский Томский политехнический университет
|b Инженерная школа новых производственных технологий
|b Научно-образовательный центр Н. М. Кижнера
|3 (RuTPU)RU\TPU\col\23556
|
| 801 |
|
2 |
|a RU
|b 63413507
|c 20230731
|g RCR
|
| 856 |
4 |
|
|u http://earchive.tpu.ru/handle/11683/76651
|
| 942 |
|
|
|c BK
|